Statistics for 47都道府県で三番目に人口が多い都市

Click here to take the quiz!

General Stats

  • This quiz has been taken 199 times
  • The average score is 37 of 47

Answer Stats

都道府県人口% Correct
北海道251,084函館市
97%
福島県282,693福島市
94%
神奈川県725,493相模原市
94%
青森県168,466弘前市
92%
静岡県245,392富士市
89%
兵庫県485,587西宮市
88%
大阪府493,940東大阪市
88%
福岡県303,316久留米市
87%
埼玉県354,571川越市
86%
愛知県384,654岡崎市
86%
千葉県498,232松戸市
85%
広島県214,592呉市
85%
長野県154,055上田市
85%
滋賀県113,647彦根市
85%
栃木県155,549栃木市
84%
山形県100,273酒田市
83%
東京都431,079町田市
83%
石川県106,216小松市
82%
岩手県111,932一関市
82%
新潟県188,047上越市
81%
群馬県223,014太田市
81%
佐賀県74,196鳥栖市
80%
三重県195,670鈴鹿市
80%
茨城県174,508日立市
80%
福井県80,611越前市
80%
長崎県133,852諫早市
79%
愛媛県115,938新居浜市
79%
鳥取県46,485倉吉市
79%
山口県162,570宇部市
78%
徳島県54,622鳴門市
77%
岡山県99,937津山市
76%
宮崎県118,394延岡市
76%
岐阜県144,521各務原市
75%
島根県54,592浜田市
75%
奈良県116,675生駒市
74%
大分県82,863中津市
72%
高知県32,694四万十市
71%
宮城県127,330大崎市
71%
和歌山県60,818橋本市
70%
山梨県69,459南アルプス市
70%
秋田県77,657大仙市
70%
富山県90,742射水市
70%
京都府86,174亀岡市
70%
沖縄県125,303うるま市
70%
鹿児島県101,096鹿屋市
69%
熊本県75,783天草市
65%
香川県61,857三豊市
57%

Score Distribution

Percentile by Number Answered

Percent of People with Each Score

Your Score History

You have not taken this quiz